书目信息 |
| 题名: |
女子体操健将级规定动
|
|
| 作者: | ;中华人民共和国体育运动委员会审定 | |
| 分册: | ||
| 出版信息: | 北京 人民体育出版社 1983 |
|
| 页数: | 76页 | |
| 开本: | 19cm | |
| 丛书名: | ||
| 单 册: | ||
| 中图分类: | G83 | |
| 科图分类: | ||
| 主题词: | 体操 | |
| 电子资源: | ||
| ISBN: | ||
| 000 | 00653nam0 2200205 45 | |
| 001 | 0405051074 | |
| 005 | 20040505104942.2 | |
| 010 | @dCNY0.33 | |
| 091 | @a7015.2104 | |
| 100 | @a20040505d1983 km y0chiy0120 ea | |
| 101 | 0 | @achi |
| 105 | @aa z 000yy | |
| 200 | 1 | @a女子体操健将级规定动@ANu Zi Ti Cao Jian Jiang Ji Gui Ding Dong@f中华人民共和国体育运动委员会审定@FZhong Hua Ren Min Gong He Guo Ti Yu Yun Dong Wei Yuan Hui Shen Ding |
| 210 | @a北京@c人民体育出版社@d1983 | |
| 215 | @a76页@c插图@d19cm | |
| 606 | 0 | @a体操 |
| 690 | @aG83@v3 | |
| 711 | 02 | @a中华人民共和国体育运动委员会审定 |
| 801 | @aCN@bTSTCL@c20040505 | |
| 905 | @f1@b212902@dG83@e19 | |
| 女子体操健将级规定动/中华人民共和国体育运动委员会审定.-北京:人民体育出版社,1983 |
| 76页:插图;19cm |
| ISBN :CNY0.33 |
| ● |
| 相关链接 |
|
|
|
|
正题名:女子体操健将级规定动
索取号:G83/19
 
预约/预借
| 序号 | 登录号 | 条形码 | 馆藏地/架位号 | 状态 | 备注 |
| 1 | 0212902 | 000995203 | 密集书库/ [索取号:G83/19] | 在馆 | |
| 2 | 0212903 | 000994623 | 第一样本阅览室/ [索取号:G83/19] | 在馆 |